[Event "Morelia/Linares 24th"]
[Site "Morelia/Linares"]
[Date "2007.03.06"]
[Round "11"]
[White "Svidler, Peter"]
[Black "Topalov, Veselin"]
[Result "1/2-1/2"]
[WhiteElo "2728"]
[BlackElo "2783"]
[Annotator "Ftacnik,L"]
[PlyCount "75"]
[EventDate "2007.02.17"]
[EventType "tourn"]
[EventRounds "14"]
[EventCountry "ESP"]
[EventCategory "20"]
[SourceTitle "CBM 117"]
[Source "ChessBase"]
[SourceDate "2007.03.30"]
[SourceVersion "1"]
[SourceVersionDate "2007.03.30"]
[SourceQuality "1"]

1. e4 {Mihail Marin} c5 2. Nf3 d6 3. d4 cxd4 4. Nxd4 Nf6 5. Nc3 a6 6. Be3 e5 7.
Nb3 Be6 8. f3 h5 {Mihail Marin: 'A controversial move. Black prevents the
standard advance of the white g-pawn, but ireparably weakens his kingside.'} 9.
Qd2 Nbd7 10. O-O-O Be7 11. h3 ({Mihail Marin: An ambitious move, aiming to
start active kingside operations as soon as possible. Earlier this year, a
game between the same opponents continued with} 11. Kb1 Qc7 {Mihail Marin: It
is interesting to quote here the game played by one of Topalov's seconds:} 12.
h3 (12. Bd3 {Mihail Marin} b5 13. Bg5 Nb6 14. f4 Rb8 15. Rhe1 Nc4 {,
Svidler-Topalov, Wijk aan Zee 2007. Black has a very active position and we
can understand Svidler's desire to deviate in spite of the favourable result.})
12... b5 13. Bd3 h4 14. f4 Rc8 (14... Nb6 {Mihail Marin} 15. Bxb6 Qxb6 16. Rhe1
O-O {and Black's stability on dark squares offered adequate compensation for
White's strong centralisation, Cheparinov-Borovikov, Pamplona 2003.}) 15. Rhe1
g6 16. Qf2 Qb7 17. Na5 Qb8 18. f5 gxf5 19. exf5 Bc4 20. Nxc4 bxc4 21. Be4 Nxe4
22. Nxe4 {1/2 Karjakin,S (2678)-Topalov,V (2783)/Wijk aan Zee 2007/ (54)})
11... Qc7 {Topalov has done his homework and found out, that the rook is not
needed on the attractive semiopen c file.} (11... Rc8 12. Be2 (12. f4 b5 13.
Bd3 Bc4 14. Kb1 Qc7 15. Rhf1 h4 16. Rf2 O-O 17. Rg1 b4 18. Nd5 Nxd5 19. exd5
Bxd3 20. Qxd3 Nf6 21. Rd1 Rfd8 22. Qxa6 {1-0 Thorhallsson,T (2499)-Ashley,M 
(2473)/Bermuda 1999/ (54)}) 12... h4 13. f4 (13. Kb1 b5 14. Rhe1 Nb6 15. Bxb6
Qxb6 16. f4 O-O 17. Bf3 Rc4 18. Qd3 Rfc8 19. fxe5 dxe5 20. Nd5 Bxd5 21. exd5
Bd6 22. c3 g6 {0-1 Onischuk,V (2411)-Dydyshko,V (2575)/Minsk 2006/ (27)}) 13...
b5 14. Bf3 b4 15. Ne2 a5 16. Kb1 Qc7 17. Rhe1 a4 18. Nbc1 Qb7 19. Ng1 Nxe4 20.
Bxe4 Qxe4 21. fxe5 b3 {0-1 Mutschnik,I-Shneider,A (2551)/Alushta 2000/}) 12.
Bd3 h4 (12... O-O 13. g4 Nb6 14. Kb1 $14) 13. f4 b5 14. Rhe1 (14. f5 Bc4 15. a3
O-O 16. Qe1 d5 $11) 14... Rb8 $5 {[%mdl 4] Black is supporting the square b6
for the knight route Nb6-c4 as well as for the pawn advance against white king.
} (14... exf4 15. Bxf4 O-O 16. Bg5 Ne5 17. Bxh4 b4 18. Ne2 a5 $13) 15. Kb1 (15.
f5 Bc4 16. Qe2 b4 17. Nb1 Bxd3 18. Qxd3 O-O $15) 15... Nb6 $1 16. Qf2 (16. fxe5
dxe5 17. Qf2 b4 18. Nd5 Nbxd5 19. exd5 Nxd5 20. Bc5 $13) 16... b4 17. Ne2 (17.
Nd5 Nbxd5 18. exd5 Nxd5 19. fxe5 dxe5 20. Bc5 Nf4 $5 (20... Nc3+ $6 21. bxc3
Bxb3 22. cxb3 Bxc5 23. Qf5 $16) 21. Bxe7 Kxe7 22. Nc5 $13) 17... Nc4 18. Nd2 (
18. Bc1 a5 19. f5 Bd7 20. Nd2 Nxd2+ 21. Bxd2 a4 $15) 18... Nxe3 {Black's
position is so sound, that he might have contemplated swap of the knights on
d2. Elimination of the darksquared bishop is strategically very useful.} (18...
Nxd2+ 19. Bxd2 a5 $13) 19. Qxe3 a5 20. b3 a4 21. Bc4 (21. f5 Bd7 22. g4 hxg3
23. Qxg3 Rh7 $15) 21... axb3 22. cxb3 (22. axb3 $2 Ra8 $17) 22... Bd7 {
Svidler's strategy of play on the light squares would have been successful
after the exchange of the black's bishop, so the second player prefers to keep
it.} (22... O-O 23. Rc1 Qb7 24. Bxe6 fxe6 25. Rc2 Nh5 26. fxe5 dxe5 $11) 23.
Nf3 O-O (23... Qb6 $6 24. Qxb6 Rxb6 25. fxe5 Nxe4 26. Rd4 $14) 24. fxe5 dxe5
25. Nxh4 (25. Rc1 Qa5 26. Nxh4 Ra8 27. Rc2 Rfc8 $44) 25... Bc6 (25... Bc5 26.
Qf3 Ra8 27. Nf5 $11) 26. Ng3 (26. Rc1 Nxe4 27. Bd5 Bxh4 28. Rxc6 Qd7 29. Rd1
Nf2 30. Rd2 Qf5+ $15) 26... Nxe4 27. Nxe4 (27. Nhf5 $2 Bg5 $19) 27... Bxh4 28.
g3 {Svidler is facing two bishops with a vulnerable position of his own king.
On the other hand his pieces are so nicely centralized that it gives him
enough play for the full equality.} Be7 (28... Bxe4+ $2 29. Qxe4 Bxg3 30. Rg1
Bf4 31. Qg6 $18) 29. Nf2 Rbd8 30. Rxd8 (30. Qxe5 $2 Rxd1+ 31. Nxd1 Bd6 32. Qf5
Bxg3 $17) (30. Rc1 Qd6 $11) 30... Qxd8 (30... Rxd8 31. Ng4 $36) 31. Rd1 (31.
Qxe5 Bd6 32. Qf5 Bxg3 33. Ng4 Bxe1 34. Nh6+ $1 gxh6 35. Qg6+ Kh8 36. Qxh6+ $11)
31... Qa5 32. Ng4 e4 (32... Ra8 33. Rd2 (33. Bxf7+ $2 Kxf7 34. Nxe5+ Kg8 35.
Nxc6 Qxa2+ 36. Kc1 Bf6 $19) 33... Bc5 34. Qxe5 $11) 33. Nh6+ $1 {Very witty
combination, as wite queen from h6 is attacking also the black bishop on c6.}
gxh6 (33... Kh7 34. Nxf7 Ra8 35. Rd2 Qf5 36. g4 $14) 34. Qxh6 Qf5 (34... Qc5
35. Qg6+ $11) 35. g4 (35. Rf1 Qc5 36. Qg6+ $11) 35... Qc5 (35... Qf6 36. Qxf6
Bxf6 37. Rd6 Kg7 38. Rxc6 Rh8 39. Bf1 Rd8 $11) 36. Qg6+ Kh8 37. Qh6+ Kg8 38.
Qg6+ 1/2-1/2

[Event "EU-Cup 19th"]
[Site "Rethymno"]
[Date "2003.10.02"]
[Round "5.2"]
[White "Movsesian, Sergei"]
[Black "Hracek, Zbynek"]
[Result "0-1"]
[WhiteElo "2647"]
[BlackElo "2584"]
[Annotator "Ftacnik,L"]
[PlyCount "94"]
[EventDate "2003.09.28"]
[EventType "team-swiss"]
[EventRounds "7"]
[EventCountry "GRE"]
[SourceTitle "CBM 098"]
[Source "ChessBase"]
[SourceDate "2004.02.03"]
[SourceVersion "1"]
[SourceVersionDate "2004.02.03"]
[SourceQuality "1"]
[WhiteTeam "Lipovec"]
[BlackTeam "Werder Bremen"]
[WhiteTeamCountry "SVK"]
[BlackTeamCountry "GER"]

1. e4 c5 2. Nf3 d6 3. Nc3 Nf6 4. d4 cxd4 5. Nxd4 a6 6. Be3 e5 7. Nb3 Be6 8. f3
Be7 9. Qd2 O-O 10. O-O-O Qc7 11. g4 Rc8 12. g5 Nh5 13. Kb1 Nd7 14. Qf2 Qd8 15.
h4 Rxc3 (15... b5 16. Bh3 g6 17. Nd5 Bxd5 18. exd5 a5 19. Bg4 a4 20. Nd2 Qc7
21. Ne4 a3 22. b3 f5 23. gxf6 Nhxf6 24. Be6+ Kh8 25. Ng5 {1-0 Goloshchapov,
A-El Arousy,A/Dubai 2003/ (30)}) 16. bxc3 Qc7 17. c4 $1 {Unpleasant move for
black, since with more pieces off the board his compensation will become more
difficult to prove.} (17. Bh3 Bxh3 18. Rxh3 a5 19. Rh2 g6 20. Rd5 a4 21. Nc1
Qxc3 22. a3 Nf4 23. Na2 Qc4 24. Bxf4 exf4 25. Rd4 Qc7 26. Nb4 Nb6 27. Qd2 {
1/2-1/2 Movsesian,S-Sakaev,K/Herceg Novi 2001/ (27)}) 17... Rc8 (17... a5 $5
18. Rd5 a4 19. Nc1 Bxd5 20. cxd5 Bd8 21. Bb5 Nb6 22. Bxb6 Qxb6 23. Qxb6 Bxb6
24. Ne2 a3 {1/2-1/2 Anisimov,P-Zakharstov,V/St Petersburg 2002/ (36)}) 18. Rh2
g6 19. Qd2 (19. Bd3 a5 20. a3 a4 21. Nc1 Bxc4 $13) 19... Bxc4 20. Bxc4 Qxc4 21.
Qd5 Qc7 (21... Qb4 22. Rg2 Rc6 23. Qa5 Qc4 $14) 22. c4 $1 {Movsesian has yet
another pawn that can land on c4!} Nb6 (22... Qxc4 $4 23. Rc1 $18) 23. Bxb6
Qxb6 24. Rb2 Nf4 25. Qd2 Qc7 (25... Rxc4 $2 26. Na5 $18) 26. Nc1 (26. Rc2 Qb6)
26... Qxc4 27. Rxb7 Bf8 28. Nd3 Qc6 (28... Nxd3 29. Qxd3 Qc6 30. Qb3 Rc7 31.
Rb6 Qc5 32. Rxa6 $16) 29. Rb2 Qa4 30. Rb4 Qe8 31. Rb2 (31. Nxf4 exf4 32. Qxf4
Bg7 33. Rc1 Be5 34. Rxc8 Qxc8 35. Qc1 Qh3 36. Rb8+ Kg7 $14) 31... Qa4 32. Rc1
Rxc1+ 33. Nxc1 Qc4 34. Ne2 h5 $5 {One step closer to the promotion square and
it will be extremely important later on.} (34... Nxe2 35. Qxe2 Qd4 36. Qd2 (36.
Rb8 d5 $1 37. exd5 Qxd5 $11) 36... Qg1+ 37. Kc2 Qg3 38. Rb3 Kg7 $11) 35. Qc2 (
35. Nxf4 exf4 36. Rb3 Bg7 37. Qd3 Qc5 38. Qxa6 Qg1+ 39. Kc2 Qh2+ 40. Kd1 Qxh4
$132) 35... Qe6 (35... Qxc2+ 36. Rxc2 Ng2 37. Ng1 Nf4 38. Rc6 $16) 36. Nxf4
exf4 37. Rb8 Qh3 38. Qf2 (38. Qc8 Qf1+ 39. Kb2 Qe2+ $11) (38. Qd3 Qxh4 39. Qxd6
Qe1+ 40. Kb2 Qe2+ $11) 38... Qg3 39. Rb2 Bg7 40. Qxg3 $2 {[%mdl 4096] Tragedy
for white, who was a bit frustrated with the black's resistance in a difficult
position.} (40. Rc2 Be5 $11) 40... fxg3 41. Rg2 Be5 42. Kc2 f6 43. gxf6 g5 $1 {
Suddenly it is black who has all the reasons to celebrate his marching pawns.}
44. hxg5 (44. Kd3 gxh4 45. Ke2 h3 $19) 44... h4 45. Rg1 (45. f4 Bxf4 46. g6 h3
(46... Bg5 47. f7+ Kg7 48. Kd3 Be7 49. Ke2 Kxg6 50. f8=Q Bxf8 51. Kf3 $11) 47.
Rg1 (47. f7+ $2 Kg7 48. Rg1 g2 $19) 47... g2 48. Rb1 d5 49. exd5 (49. Rb7 g1=Q
50. Rg7+ Kf8 51. Rf7+ Ke8 52. Re7+ Kd8 $19) 49... Be5 (49... h2 50. Re1 Kf8 51.
g7+ Kf7 52. Re7+ Kxf6 53. g8=Q Kxe7 54. Qxg2 $18)) 45... h3 46. Rb1 Bxf6 $1 (
46... g2 47. Rb8+ Kf7 48. Rb7+ Ke8 49. f7+ (49. Rb8+ Kd7 50. f7 Bg7 $19) 49...
Kf8 50. g6 Bg7 51. Rb1 h2 $19) 47. gxf6 h2 0-1

[Event "Corus"]
[Site "Wijk aan Zee"]
[Date "2007.01.18"]
[Round "5"]
[White "Shirov, Alexei"]
[Black "Van Wely, Loek"]
[Result "0-1"]
[WhiteElo "2715"]
[BlackElo "2683"]
[Annotator "Ftacnik,L"]
[PlyCount "80"]
[EventDate "2007.01.13"]
[EventType "tourn"]
[EventRounds "13"]
[EventCountry "NED"]
[EventCategory "19"]
[SourceTitle "CBM 117"]
[Source "ChessBase"]
[SourceDate "2007.03.30"]
[SourceVersion "1"]
[SourceVersionDate "2007.03.30"]
[SourceQuality "1"]

1. e4 c5 2. Nf3 d6 3. d4 cxd4 4. Nxd4 Nf6 5. Nc3 a6 6. Be3 e5 7. Nb3 Be6 8. f3
Be7 9. Qd2 O-O 10. O-O-O Nbd7 11. g4 b5 12. g5 b4 13. Ne2 Ne8 14. f4 a5 15. f5
a4 16. Nbd4 exd4 17. Nxd4 b3 18. Kb1 bxc2+ 19. Nxc2 Bb3 20. axb3 axb3 21. Na3
Ne5 22. h4 Ra4 23. Qg2 {The latest cry of fashion in the long forced line.
White players have found no other way to fight for an advantage.} (23. h5 Qa8
24. h6 (24. Qd5 Rxa3 25. bxa3 Qxa3 26. Rh2 b2 27. Rh3 Qa1+ 28. Kc2 Nf6 29. Qb7
Nxe4 {0-1 Sethuraman,S (2231)-Czakon,J (2486)/Marseille 2006/ (33)}) 24...
Qxe4+ 25. Bd3 Nxd3 26. Qxd3 f6 27. g6 hxg6 28. fxg6 f5 29. Nb5 Qxd3+ 30. Rxd3
Rg4 31. Nc3 Rxg6 32. Nd5 $11 {1-0 Shabalov,A (2595)-De Firmian,N (2547)/
Ledyards 2006/ (40)}) 23... Qa8 24. f6 Bd8 25. Bd4 Nc7 26. fxg7 (26. Rh3 Ne6
27. fxg7 Kxg7 28. Be3 Be7 29. Rd5 Rc8 30. Bd2 Nc7 31. g6 fxg6 32. h5 Nxd5 33.
exd5 Rg4 {0-1 Al Modiahki,M (2575)-Ftacnik,L (2597)/Turin 2006/ (40)}) 26...
Kxg7 {Possible improvement might be connected with the rook move leaving white
pawn on g7 untouched.} (26... Re8 27. Rh3 Ne6 28. Bxe5 dxe5 29. Rxb3 Nd4 30.
Bb5 Nxb5 31. Rxb5 Be7 $13 {1/2 Nebula,R (2467)-Elissa (2465)/playchess.com INT
2006/ (71)}) 27. h5 (27. Bc4 Ne6 28. Bd5 Qc8 29. Rc1 Qa6 30. Bxe5+ dxe5 31. Qg3
Nf4 32. Qxb3 $14 {1-0 Rohit,G (2393)-Karavade,E (2321)/Atul 2006/ (69)}) 27...
Ne6 $1 28. g6 $2 {[%mdl 8192] Shirov was in Corus performing on the level far
from his best days. It is even difficult to guess what he could have missed
when deciding for this blunder.} (28. Bxe5+ dxe5 29. g6 Bg5 (29... Qxe4+ 30.
Qxe4 Rxe4 31. Bc4 hxg6 32. hxg6 Ng5 $11) 30. gxf7 Rxf7 31. Bb5 Qxe4+ 32. Qxe4
Rxe4 33. Bc4 Rf6 34. Bxb3 $11) 28... Rxd4 $1 29. Rxd4 Nxd4 30. h6+ Kf6 $1 {
The game is suddenly over as black king can walk in front of the pawns without
any fear.} (30... Kh8 31. g7+ Kg8 32. gxf8=Q+ Kxf8 33. Qg7+ Ke7 $13) 31. g7 (
31. gxh7 Ke7 32. Qg5+ Ke8 $19) 31... Rg8 32. Qf2+ (32. Bc4 Ke7 33. Bd5 Qa6 34.
Rd1 Ndf3 $19) 32... Ndf3 (32... Nef3 33. Bg2 Qxe4+ 34. Ka1 Kg6 35. Rf1 Qh4 $19)
33. Bg2 (33. Bd3 Ke7 34. Rd1 Ba5 35. Qe3 Bb4 $19) 33... Qxe4+ 34. Ka1 Ke6 {
Van Wely enjoyed such a huge material advantage, that even loss of a knight
could not change the outcome.} 35. Rf1 Bg5 36. Bxf3 Qxf3 37. Qxf3 (37. Qe1 Qd3
$19) 37... Nxf3 38. Rxf3 Bxh6 39. Rxb3 Rxg7 40. Rh3 Bf4 0-1

[Event "Corus"]
[Site "Wijk aan Zee"]
[Date "2010.01.17"]
[Round "2"]
[White "Karjakin, Sergey"]
[Black "Dominguez Perez, Leinier"]
[Result "1/2-1/2"]
[WhiteElo "2720"]
[BlackElo "2712"]
[Annotator "Ftacnik,L"]
[PlyCount "61"]
[EventDate "2010.01.16"]
[EventType "tourn"]
[EventRounds "13"]
[EventCountry "NED"]
[EventCategory "19"]
[SourceTitle "CBM 135"]
[Source "ChessBase"]
[SourceDate "2010.03.17"]
[SourceVersion "1"]
[SourceVersionDate "2010.03.17"]
[SourceQuality "1"]

1. e4 c5 2. Nf3 d6 3. d4 cxd4 4. Nxd4 Nf6 5. Nc3 a6 6. Be3 e5 7. Nb3 Be6 8. f3
h5 9. Qd2 Nbd7 10. O-O-O Be7 11. h3 {White usually tries to prove, that the
interesting move ...h7-h5 did not stop the kingside pawn attack for good.} (11.
Kb1 Qc7 12. h3 (12. Bd3 b5 13. Bg5 Nb6 14. f4 Rb8 15. Rhe1 Nc4 {
Svidler-Topalov/Wijk aan Zee 2007/}) 12... b5 13. Bd3 h4 14. f4 Rc8 (14... Nb6
15. Bxb6 Qxb6 16. Rhe1 (16. Nd5 Qa7 17. Rhe1 Kf8 18. Nxf6 Bxf6 19. f5 Bd7 20.
Nc1 Rc8 21. c3 Be7 22. Bc2 a5 23. Bb3 Be8 24. Nd3 Rh5 {0-1 Rensch,D (2400)
-Critelli,J (2262)/Peabody 2007 (52)}) 16... O-O {Cheparinov-Borovikov/
Pamplona/2003/.}) 15. Rhe1 g6 16. Qf2 Qb7 17. Na5 Qb8 18. f5 gxf5 19. exf5 Bc4
20. Nxc4 bxc4 21. Be4 Nxe4 22. Nxe4 {1/2 Karjakin,S (2678)-Topalov,V (2783)/
Wijk aan Zee 2007/ (54)}) 11... Qc7 (11... Rc8 12. Be2 (12. f4 b5 13. Bd3 Bc4
14. Kb1 Qc7 15. Rhf1 h4 16. Rf2 O-O 17. Rg1 b4 18. Nd5 Nxd5 19. exd5 Bxd3 20.
Qxd3 Nf6 21. Rd1 Rfd8 22. Qxa6 {1-0 Thorhallsson,T (2499)-Ashley,M (2473)/
Bermuda 1999/ (54)}) 12... h4 13. f4 (13. Kb1 b5 14. Rhe1 Nb6 15. Bxb6 Qxb6 16.
f4 O-O 17. Bf3 Rc4 18. Qd3 Rfc8 19. fxe5 dxe5 20. Nd5 Bxd5 21. exd5 Bd6 22. c3
g6 {0-1 Onischuk,V (2411)-Dydyshko,V (2575)/Minsk 2006/ (27)}) 13... b5 14. Bf3
b4 15. Ne2 a5 16. Kb1 Qc7 17. Rhe1 a4 18. Nbc1 Qb7 19. Ng1 Nxe4 20. Bxe4 Qxe4
21. fxe5 b3 {0-1 Mutschnik,I-Shneider,A (2551)/Alushta 2000/}) 12. Bd3 b5 $5 {
[%mdl 8] Dominguez comes up with a logical novelty, as Black might not be
obliged to prevent the g2-g4 advance after all. The white knight from c3 does
not have any ideal square for the retreat.} (12... h4 13. f4 b5 14. Rhe1 (14.
f5 Bc4 15. a3 O-O 16. Qe1 d5 $11) 14... Rb8 $5 (14... exf4 15. Bxf4 O-O 16. Bg5
Ne5 17. Bxh4 b4 18. Ne2 a5 $13) (14... O-O 15. g4 hxg3 16. Rg1 exf4 17. Bxf4
Ne5 18. Nd4 Qc5 19. Be3 b4 20. Na4 Qa5 21. b3 Bd7 22. Kb1 Nxd3 23. cxd3 Nh5 $17
{1-0 Caruana,F (2640)-Vallejo Pons,F (2664)/Pamplona 2008 (40)}) 15. Kb1 (15.
f5 Bc4 16. Qe2 b4 17. Nb1 Bxd3 18. Qxd3 O-O $15) 15... Nb6 $1 16. Qf2 (16. fxe5
dxe5 17. Qf2 b4 18. Nd5 Nbxd5 19. exd5 Nxd5 20. Bc5 $13) 16... b4 17. Ne2 (17.
Nd5 Nbxd5 18. exd5 Nxd5 19. fxe5 dxe5 20. Bc5 Nf4 $5 (20... Nc3+ $6 21. bxc3
Bxb3 22. cxb3 Bxc5 23. Qf5 $16) 21. Bxe7 Kxe7 22. Nc5 $13) 17... Nc4 18. Nd2 (
18. Bc1 a5 19. f5 Bd7 20. Nd2 Nxd2+ 21. Bxd2 a4 $15) 18... Nxe3 (18... Nxd2+
19. Bxd2 a5 $13) 19. Qxe3 a5 20. b3 a4 21. Bc4 (21. f5 Bd7 22. g4 hxg3 23. Qxg3
Rh7 $15) 21... axb3 22. cxb3 (22. axb3 $2 Ra8 $17) 22... Bd7 (22... O-O 23. Rc1
Qb7 24. Bxe6 fxe6 25. Rc2 Nh5 26. fxe5 dxe5 $11) 23. Nf3 O-O (23... Qb6 $6 24.
Qxb6 Rxb6 25. fxe5 Nxe4 26. Rd4 $14) 24. fxe5 dxe5 25. Nxh4 (25. Rc1 Qa5 26.
Nxh4 Ra8 27. Rc2 Rfc8 $44) 25... Bc6 (25... Bc5 26. Qf3 Ra8 27. Nf5 $11) 26.
Ng3 (26. Rc1 Nxe4 27. Bd5 Bxh4 28. Rxc6 Qd7 29. Rd1 Nf2 30. Rd2 Qf5+ $15) 26...
Nxe4 27. Nxe4 (27. Nhf5 $2 Bg5 $19) 27... Bxh4 {Black was faring well even
with the older plan of preventing the g4-advance in 1/2-1/2 Svidler,P (2728)
-Topalov,V (2783)/Morelia/Linares 2007 (38)}) (12... O-O 13. g4 Nb6 14. Kb1 $14
) 13. g4 b4 14. Ne2 (14. Na4 Rb8 $1 15. g5 Nh7 16. Na1 (16. g6 fxg6 17. Qg2 Qc6
18. Qxg6+ Bf7 19. Qxg7 Bf6 20. Qg2 Qxa4 $17) 16... Qa5 17. b3 Nc5 $17) 14... d5
{Future games will be challenging for White, since it is not easy to see how
he can meet the speedy advance of Black's a-pawn.} (14... a5 $5 15. g5 Nh7 16.
f4 a4 17. Na1 a3 18. b3 exf4 19. Nxf4 Nxg5 $17) 15. g5 dxe4 (15... d4 $2 16.
Bxd4 $1 Nh7 17. Be3 $16) 16. fxe4 (16. gxf6 exd3 17. fxe7 dxe2 18. Qxe2 Kxe7
19. f4 Rhc8 $11) 16... Nh7 17. Ng3 (17. Kb1 Nc5 (17... O-O 18. Ng3 g6 19. Nf5
$16) 18. Nxc5 Bxc5 19. Ng3 g6 $14) 17... g6 18. Nf5 $5 {Karjakin is not
satisfied with the prospect of the fixed pawn structure. The piece sacrifice
on the "forbidden" square f5 is coming at a moment, when the defender has not
finished his development.} (18. Kb1 Nc5 19. h4 O-O $14) 18... gxf5 19. exf5 Bd5
20. Rhe1 (20. Rhg1 Bf3 21. Be2 Be4 22. Bd3 Bf3 $11) 20... Bf3 21. f6 Nhxf6 {
Black is preferring safety to the alluring prospect of grabbing the whole rook.
Unfortunately the defence would be quite challenging and chances for mistakes
quite high.} (21... Bxd1 22. fxe7 Bf3 23. Bf5 Kxe7 (23... a5 24. Nd4 $1 exd4 (
24... Nxg5 25. Nb5 Qc6 26. Bxd7+ Qxd7 27. Nd6+ Kxe7 28. Bxg5+ Ke6 29. Rxe5+
Kxe5 30. Nc4+ Ke6 31. Qe3+ Kd5 32. Nb6+ $18) 25. Qxd4 Nhf6 (25... Rg8 26. Bxh7
Rc8 27. Kb1 $16) 26. Bxd7+ Qxd7 27. Qxf6 Rg8 28. Qxf3 $16) 24. Bxd7 Qxd7 25.
Qxb4+ Ke8 26. Bf4 f6 27. gxf6 Kf7 28. Bxe5 Rhg8 29. Nd2 $14) 22. gxf6 Nxf6 (
22... Bxf6 $2 23. Be2 Bxe2 24. Qxe2 Rc8 25. Rd2 $16) 23. Bd4 $1 {The young
attacker is playing with a great deal of inventiveness, the main idea is the
insecure location of the black king.} exd4 (23... Nd7 24. Be4 Bxe4 25. Rxe4 f5
(25... O-O-O 26. Qe2 Bg5+ 27. Be3 $14) 26. Ree1 O-O-O (26... exd4 27. Qg2 O-O-O
28. Rxe7 $16) 27. Qd3 Bg5+ 28. Be3 Bxe3+ 29. Qxe3 $11) 24. Qf2 Qf4+ (24... Bxd1
25. Qxf6 Rg8 26. Nxd4 Be2 27. Rxe2 Rd8 28. Nc6 Rg1+ 29. Kd2 Rg2 30. Qh8+ Kd7
31. Qd4+ Kxc6 32. Qc4+ Kd7 33. Rxg2 Qxc4 34. Bxc4 Kc7+ $11) 25. Nd2 Ng4 26.
Qxf3 {Chess played on the highest level still obeys the general principles.
Should both parties play without major errors, the most likely outcome should
be draw.} (26. hxg4 hxg4 27. Be4 Rh2 28. Qf1 Rc8 (28... d3 29. Bxf3 (29. Bxa8
$2 dxc2 30. Bxf3 (30. Kxc2 Bxd1+ 31. Rxd1 Rxd2+ $19) 30... cxd1=Q+ 31. Rxd1
gxf3 32. Qxf3 Bg5 $17) 29... gxf3 30. Qxd3 Rd8 31. Qxf3 Qxf3 32. Nxf3 $11) 29.
Qxa6 Qc7 30. Nxf3 gxf3 31. Rh1 Rxh1 32. Rxh1 Qc4 $11) 26... Qxf3 27. Nxf3 Ne3
28. Rd2 Kf8 (28... Bf6 29. Nxd4 Bxd4 30. Bb5+ axb5 31. Rxd4 O-O 32. Rxe3 Rxa2
33. Rxb4 $14) 29. Nxd4 Bg5 30. Nf3 (30. Rg1 Bh6 31. Nc6 Nd5 $15) 30... Bf4 31.
Kb1 (31. Kb1 Rh6 $11) 1/2-1/2